SİYONİZM VE FİLİSTİN SORUNU (Record no. 889352)

MARC details
000 -LEADER
sabit uzunluktaki kontrol alanı 00264nam a2200097Ia 4500
001 - KONTROL NUMARASI
kontrol alanı 889352
005 - EN SON İŞLEMİN TARİH VE ZAMANI
kontrol alanı 20250826182911.0
008 - SABİT-UZUNLUKTA VERİ ÖĞELERİ--GENEL BİLGİ
sabit uzunluktaki kontrol alanı 250824s9999 xx 000 0 und d
245 #0 - ESER / YAZAR
ESER ADI SİYONİZM VE FİLİSTİN SORUNU
Yazar Adı MİM KEMAL ÖKE
260 ## - YAYIN, DAĞITIM, VB.
YAYIN EVİ KIRMIZI KEDİ YAYINLARI
Holdings
Düşüm durumu Kayıp durumu Hasar Durumu Ödünç verilmez Ana kütüphane Geçerli Kütüphane Edinilen tarih Toplam ödünç verme sayısı Barkod Son görüntüleme tarihi Fiyatın geçerli olmaya başladığı tarih Koha materyal türü
        MAREŞAL MUSTAFA KEMAL ORTAOKULU MAREŞAL MUSTAFA KEMAL ORTAOKULU 24.08.2025   1065351 26.08.2025 26.08.2025 Books